000 01964nam a2200505 i 4500
001 25009
003 KOSZ 005
005 20200430123409.0
008 200430s1996 pl a f 001 0 pol
015 _aUWD 1996/13804
020 _a8320419727
035 _a991004343439705066
035 _a(PL-WaBN)b11148962-48omnis_nlop
035 _ab11148962
035 _a(OCoLC)751401794
035 _a(PL)b0000001114896
035 _a(EXLNZ-48OMNIS_NETWORK)9910038554005606
040 _aWA N
_cWA N
_dKOSZ 005/RW
046 _k1996
080 _a519.8
080 _a(075.8)
100 1 _aFilipowicz, Bogusław
_eAutor
245 1 0 _aModele stochastyczne w badaniach operacyjnych :
_banaliza i synteza systemów obsługi i sieci kolejkowych /
_cBogusław Filipowicz.
260 _aWarszawa :
_bWydawnictwa Naukowo-Techniczne,
_c1996.
300 _a328 stron :
_brysunki, wykresy ;
_c24 cm.
336 _aTekst
_btxt
_2rdacontent
337 _aBez urządzenia pośredniczącego
_bn
_2rdamedia
338 _aWolumin
_bnc
_2rdacarrier
380 _aKsiążki
380 _aPublikacje fachowe
380 _aPublikacje dydaktyczne
388 _a1901-2000
388 _a1989-2000
504 _aBibliografia na stronach [321]-324. - Indeks.
521 _aKsiążka jest przeznaczona dla studentów kierunków automatyka i robotyka, informatyka, elektronika, telekomunikacja, zarządzanie i marketing, a także dla naukowców i inżynierów zajmujących się systemami i sieciami informatycznymi.
650 7 _aBadania operacyjne
_2DBN
650 7 _aTeoria masowej obsługi
_2DBN
655 7 _aPodręczniki akademickie
_2DBN
658 _aInżynieria i technika
658 _aZarządzanie i marketing
710 2 _aWydawnictwa Naukowo-Techniczne
_4pbl
856 _uhttp://koha.tu.koszalin.pl/cgi-bin/koha/opac-detail.pl?biblionumber=25009
_yKatalog online BPK
942 _2UKD
_cKS
999 _c25009
_d25009